| 000 | 00707cam a2200205 a 4500 | ||
|---|---|---|---|
| 001 | 000002818 | ||
| 005 | 20200929150250.0 | ||
| 008 | 790103s1979 mx b 001 0 spa | ||
| 040 |
_aDO-SdBNP _bspa _cBNPHU |
||
| 082 |
_a813.3 _bS553p |
||
| 100 | 1 |
_aSherrill, Rowland A. _98909 |
|
| 240 | 1 | 4 | _aThe prophetic Melville. / |
| 245 | 1 | 3 |
_aEl profético melville : _bexperiencia, trascendencia y tragedia / _cRowland A. Sherrill. |
| 260 |
_aMéxico : _bNoema, _c1979. |
||
| 300 |
_a219 p. ; _c22 cm. |
||
| 500 | _aIncluye índice. | ||
| 600 | 1 | 4 |
_aMELVILLE, HERMAN, _d1819-1891 _xCRÍTICA E INTERPRETACIÓN _98910 |
| 600 | 1 | 4 |
_aMELVILLE, HERMAN, _d1819-1891 _xRELIGIÓN _98911 |
| 650 | 4 |
_aLiteratura estadounidense _9263 |
|
| 999 |
_c2652 _d2652 |
||